000
00306 a2200133 4500
001
48827
040
_c
Anchieta - Bela Vista
100
_a
Bentley, Marla
240
1
0
_a
Ozzie and summer sun
_l
eng
245
1
0
_a
Ozzie and summer sun
300
_a
24
650
4
_a
Literatura infantil em inglês
942
_c
BK
999
_c
48827
_d
48827